Intellectual Property
Formy práv ochrany duševného vlastníctva: ochranné známky, priemyselné dizajny, patenty, autorské práva, obchodné tajomstvá. Pohľad na historický vývoj práva na ochranu duševného vlastníctva. Regulačné aspekty ochrany duševného vlastníctva. Ochrana duševného vlastníctva v startupoch.
Gespeichert in:
| 1. Verfasser: | |
|---|---|
| Format: | Buchkapitel |
| Sprache: | Englisch |
| Schlagworte: | |
| Tags: |
Keine Tags, Fügen Sie das erste Tag hinzu!
|
MARC
| LEADER | 00000naa$a2200000$$$4500 | ||
|---|---|---|---|
| 001 | 0220056 | ||
| 005 | 20240502083546.0 | ||
| 041 | 0 | |a eng | |
| 044 | |a NL | ||
| 245 | 1 | 0 | |a Intellectual Property |c Anetta Čaplánová |
| 520 | |a Formy práv ochrany duševného vlastníctva: ochranné známky, priemyselné dizajny, patenty, autorské práva, obchodné tajomstvá. Pohľad na historický vývoj práva na ochranu duševného vlastníctva. Regulačné aspekty ochrany duševného vlastníctva. Ochrana duševného vlastníctva v startupoch. | ||
| 610 | 2 | 0 | |a vlastníctvo duševné |
| 610 | 2 | 0 | |a ochrana vlastníctva |
| 610 | 2 | 0 | |a start-up |
| 610 | 2 | 0 | |a inovácia |
| 610 | 2 | 0 | |a patenty |
| 100 | 1 | |a Čaplánová, Anetta, 1967- | |